00477nam a2200145Ia 4500100002700000942000700027654001100034245006200045260003300107082001900140300000800159546001200167999001700179952013500196 aLecarme/ O/ Nebut/J.L  cBK apascal aPascal for programmers : Short self instructional course bMc Graw HillaNew Yorkc1986 a1.6424bLEC/NE a272 aENGLISH c31532d31532 001040708CRCaCRCEbCRCEc1542 | 36d2023-03-17eUBSg97.90iT 92/90l0o1.6424 LEC/NEp2839r2023-03-17v97.90w2023-03-17yBK